Impact of decentralisation policy of occupational pattern and mobility in tribal regions: a case study of Madhya Pradesh (Record no. 73326)

000 -LEADER
fixed length control field 00589pab a2200169 454500
008 - FIXED-LENGTH DATA ELEMENTS--GENERAL INFORMATION
fixed length control field 180718b2006 xxu||||| |||| 00| 0 eng d
100 ## - MAIN ENTRY--PERSONAL NAME
Personal name Singh, R.D.
245 ## - TITLE STATEMENT
Title Impact of decentralisation policy of occupational pattern and mobility in tribal regions: a case study of Madhya Pradesh
Remainder of title (India)
260 ## - PUBLICATION, DISTRIBUTION, ETC.
Date of publication, distribution, etc. 2006
300 ## - PHYSICAL DESCRIPTION
Extent p.120-27.
650 ## - SUBJECT ADDED ENTRY--TOPICAL TERM
Topical term or geographic name entry element Tribes - India - Madhya Pradesh
650 ## - SUBJECT ADDED ENTRY--TOPICAL TERM
Topical term or geographic name entry element Occupational mobility - India - Madhya Pradesh
650 ## - SUBJECT ADDED ENTRY--TOPICAL TERM
Topical term or geographic name entry element Occupational mobility
700 ## - ADDED ENTRY--PERSONAL NAME
Personal name Shukla, Prashant Kumar
773 ## - HOST ITEM ENTRY
Main entry heading Indian Journal of Regional Science
909 ## -
-- 73326
Holdings
Withdrawn status Lost status Damaged status Not for loan Permanent Location Current Location Date acquired Serial Enumeration / chronology Barcode Date last seen Price effective from Koha item type
        Indian Institute of Public Administration Indian Institute of Public Administration 2018-07-19 Volume no: 38, Issue no: 2 AR73786 2018-07-19 2018-07-19 Articles

Powered by Koha